00875ntm a2200229 a 450000100060000000300080000600500170001400800410003103500190007204000350009104100080012608200270013410000190016124501330018026000880031330000440040150200950044550400310054050400220057165000200059370000320061375746BD-RjUL20211209082733.0190626s2015 bg a|||| bm|| 00| 0 eng d a(BD-RjUL)75965 aBD-RjULbengcBD-RjULdBD-RjUL aeng 223a635.2526bHYS 20151 aHye, Md. Abdul10aStudies on the quality bulb production of onion through Management Practices /cby Md. Abdul Hye ;6Supervisor: Md. Kawser Ali aRajshahi :bDepartment of Crop Science and Tecnology, University of Rajshahi,c2015 a[4], xiii, 200 leaves :bIll. ;c29 cm. aThesis (Ph. D.) -- Department of Crop Science and Tecnology, University of Rajshahi, 2015 aReferences: Leaves 171-195 aReports: leaf 218 aOnionxResearch aAli, Md. Kawser, Supervisor